| LEADER |
01115nzm0a2200301 450 |
| 001 |
16821901 |
| 010 |
|
|
|a 978-2-35345-034-3
|b Tom Pousse
|
| 100 |
|
|
|a 20110711d2026 u u0frey01 ba
|
| 101 |
0 |
|
|a fre
|
| 102 |
|
|
|a FR
|
| 200 |
0 |
|
|a Mes plus belles chansons
|f [Karin Schepping, direction éditoriale]
|g direction musicale, Jean-Louis Négro - interprété par Francine Chantereau
|
| 207 |
|
1 |
|a
|
| 210 |
|
|
|a Paris
|c Tom Pousse
|d cop. 2010
|
| 215 |
|
|
|a 1 vol. (non paginé [32] p.)
|c ill. en coul., couv. ill. en coul.
|d 30 cm
|e CD
|
| 225 |
1 |
|
|a Mes plus belles chansons
|
| 327 |
|
|
|a La couv. porte en plus : 'un livre CD + un site internet'
|
| 608 |
|
|
|a enfance
|
| 608 |
|
|
|a chanson francophone
|
| 608 |
|
|
|a chanson
|
| 608 |
|
|
|a édition commerciale
|
| 676 |
|
|
|a 780
|
| 700 |
|
0 |
|a Schepping
|b Karin
|4 651
|
| 702 |
|
0 |
|a Bittler
|b Corinne
|4 440
|
| 702 |
|
0 |
|a Negro
|b Jean-Louis
|f 1950-....
|4 630
|
| 702 |
|
0 |
|a Chantereau
|b Francine
|4 721
|
| 900 |
|
|
|a Documentaire jeunesse
|
| 901 |
|
|
|a Accessible au prêt
|
| 995 |
|
|
|a Bibliothèque
|c Bibliothèque
|f 024015963
|h 024015963
|k E 780 SCH
|o p
|q j
|r z
|u CD n°4
|e Bibliothèque
|